<?xml version="1.0" encoding="UTF-8"?>
<marc:record xmlns:marc="http://www.loc.gov/MARC21/slim">
   <marc:leader>00000nam a2200000 a 4500</marc:leader>
   <marc:datafield ind1="1" ind2=" " tag="100">
      <marc:subfield code="a">PS3</marc:subfield>
      <marc:subfield code="4">aut</marc:subfield>
      <marc:subfield code="e">Verfasser/-in</marc:subfield>
   </marc:datafield>
   <marc:datafield ind1=" " ind2=" " tag="653">
      <marc:subfield code="a">Playstation 3</marc:subfield>
   </marc:datafield>
   <marc:datafield ind1=" " ind2=" " tag="653">
      <marc:subfield code="a">PS3</marc:subfield>
   </marc:datafield>
   <marc:datafield ind1=" " ind2=" " tag="653">
      <marc:subfield code="a">Kampf</marc:subfield>
   </marc:datafield>
   <marc:datafield ind1=" " ind2=" " tag="653">
      <marc:subfield code="a">Videospiel</marc:subfield>
   </marc:datafield>
   <marc:datafield ind1="0" ind2="0" tag="245">
      <marc:subfield code="a">Super Street Fighter IV</marc:subfield>
   </marc:datafield>
   <marc:datafield ind1="0" ind2="0" tag="245">
      <marc:subfield code="c">PS3</marc:subfield>
   </marc:datafield>
   <marc:datafield ind1=" " ind2="1" tag="264">
      <marc:subfield code="a">London</marc:subfield>
      <marc:subfield code="b">Capcom</marc:subfield>
      <marc:subfield code="c">2010</marc:subfield>
   </marc:datafield>
   <marc:datafield ind1="1" ind2=" " tag="520">
      <marc:subfield code="a">Super Street Fighter IV: Arcade Edition beinhaltet eine Kämpferliste von 39 Charakteren, darunter beispielsweise Ryu, Chun-Li, Juri, El Fuerte und Rufus sowie vier neue Straßenkämpfer. Die bereits aus vorherigen Street-Fighter-Titeln bekannten Martial-Arts-Spezialisten Yun und Yang. Zwei Jahre nachdem Capcom den Gong für "Street Fighter IV" auf den Konsolen erklingen ließ, ein Jahr nach "Super Street Fighter IV" und wenige Wochen nach der erfolgreichen 3DS-Premiere heißt es nun "Ring frei!" für den ultimativen Ableger der "Street Fighter"-Serie, "Super Street Fighter IV: Arcade Edition". Alles Bauernfängerei? Mitnichten. Denn wie schon mehrmals in der Vergangenheit der beliebten Beat'em-Up-Reihe deutet der Namenszusatz auf konkrete Inhaltliche Veränderungen hin. In diesem Fall ergänzen die japanischen Entwickler die Riege der bestehenden 35 Handkantenspezialisten um vier weitere Recken. Neu im Kloppverbund sind diesmal Skateboardakrobat Yun, der auch in den taffesten Fights seine Baseballkappe nicht abnimmt, Inline-skateass Yang, Evil-Ryu, finstere Ausgabe von Ryu, sowie der brutale Oni.</marc:subfield>
   </marc:datafield>
   <marc:datafield ind1=" " ind2=" " tag="020">
      <marc:subfield code="a">B0037OI7SI</marc:subfield>
      <marc:subfield code="9">B0037OI7SI</marc:subfield>
   </marc:datafield>
   <marc:datafield ind1="3" ind2=" " tag="024">
      <marc:subfield code="a">5055060926321</marc:subfield>
   </marc:datafield>
   <marc:datafield ind1="0" ind2=" " tag="490">
      <marc:subfield code="v">0</marc:subfield>
   </marc:datafield>
</marc:record>
